[Event "SR 3. liga A2 2006/2007"]
[Site "?"]
[Date "2006.11.19"]
[Round "4"]
[White "Bott, Tamas"]
[Black "Vlkovic, Pavol"]
[Result "1-0"]
[WhiteElo "1902"]
[BlackElo "1924"]
[Annotator "Cífer - Gabcíkovo  /6/"]
[PlyCount "91"]
[EventDate "2006.??.??"]

1. e4 e6 2. d4 d5 3. Nc3 Nf6 4. Bg5 Bb4 5. e5 h6 6. exf6 hxg5 7. fxg7 Rg8 8.
Qh5 Qf6 9. O-O-O Bxc3 10. bxc3 Qxg7 11. Nf3 Nd7 12. h4 g4 13. Nh2 g3 14. fxg3
Qxg3 15. Nf3 Nf6 16. Qe5 Ne4 17. Qxg3 Rxg3 18. Re1 Bd7 19. Kb2 O-O-O 20. h5 Rh8
21. Ne5 Be8 22. h6 f6 23. Nf3 Rg6 24. h7 Rg7 25. Bd3 Bg6 26. Bxe4 Bxe4 27. Nd2
Bf5 28. Reg1 Rhxh7 29. Rxh7 Rxh7 30. Nf1 Rg7 31. g3 Kd7 32. Ne3 Be4 33. c4 dxc4
34. Nxc4 Rg5 35. Ne3 Rb5+ 36. Kc3 c5 37. dxc5 Kc6 38. Kd4 Bg6 39. Rf1 e5+ 40.
Kc3 Rxc5+ 41. Kb4 a5+ 42. Kb3 Bf7+ 43. c4 Bxc4+ 44. Nxc4 a4+ 45. Kb4 Kd5 46.
Nb6+ 1-0

[Event "SR 3. liga A2 2006/2007"]
[Site "?"]
[Date "2006.11.19"]
[Round "4"]
[White "Hrusovsky, Jan"]
[Black "Kosar, Mikulas ml"]
[Result "1/2-1/2"]
[WhiteElo "1767"]
[BlackElo "1951"]
[Annotator "Cífer - Gabcíkovo  /7/"]
[PlyCount "123"]
[EventDate "2006.??.??"]

1. e4 e5 2. Nf3 Nf6 3. Nxe5 d6 4. Nf3 Nxe4 5. Qe2 Qe7 6. d3 Nf6 7. Nc3 Bg4 8.
Qxe7+ Bxe7 9. Be2 c6 10. h3 Bh5 11. g4 Bg6 12. Nh4 Na6 13. Be3 Nc7 14. O-O-O
Nfd5 15. Nxd5 Nxd5 16. Nxg6 fxg6 17. c4 Nb4 18. a3 Na6 19. d4 O-O 20. c5 Nc7
21. Bc4+ d5 22. Be2 Ne6 23. Rd3 Bh4 24. Rf1 Nf4 25. Bxf4 Rxf4 26. f3 Raf8 27.
Kc2 Re8 28. Bd1 Bf6 29. Kc3 b6 30. b4 a5 31. Ba4 b5 32. Bd1 axb4+ 33. axb4 Rxd4
34. Rf2 Rxg4+ 35. Kb3 Rh4 36. f4 Re4 37. Bg4 d4 38. Bd7 Re3 39. Rf3 Rxd3+ 40.
Rxd3 Rxf4 41. Bxc6 Kf7 42. Bxb5 Ke7 43. Bc4 Kd7 44. Bd5 Be5 45. b5 g5 46. b6
Rf8 47. Kc4 h5 48. Ra3 Rb8 49. Ra7+ Kd8 50. Rf7 h4 51. Rf8+ Ke7 52. Rxb8 Bxb8
53. Kxd4 Bg3 54. c6 Bf2+ 55. Ke4 Bxb6 56. Kf5 Be3 57. Kg6 Kd6 58. Bg2 Bf4 59.
Kxg7 Ke7 60. Bf3 Ke6 61. Bg4+ Kd6 62. Bd7 1/2-1/2

[Event "SR 3. liga A2 2006/2007"]
[Site "?"]
[Date "2006.11.19"]
[Round "4"]
[White "Kosar, Mikulas st"]
[Black "Liptak, Dusan"]
[Result "1/2-1/2"]
[WhiteElo "1981"]
[BlackElo "1708"]
[Annotator "Cífer - Gabcíkovo  /8/"]
[PlyCount "64"]
[EventDate "2006.??.??"]

1. e4 c5 2. Nf3 d6 3. Bb5+ Bd7 4. Bxd7+ Nxd7 5. Nc3 Ngf6 6. d3 e6 7. Bg5 Be7 8.
h3 a6 9. Rb1 b5 10. b3 b4 11. Na4 Nb6 12. Nxb6 Qxb6 13. Ra1 O-O 14. O-O a5 15.
a4 Rfe8 16. Re1 Nd7 17. Bxe7 Rxe7 18. Re2 Rae8 19. Qd2 Nf6 20. Rae1 Qc7 21. c4
bxc3 22. Qxc3 e5 23. Nd2 Rb8 24. Rb1 Rb4 25. Qc2 Nd7 26. Nc4 Nf8 27. Na3 Ne6
28. Qd1 Nd4 29. Reb2 Re8 30. Nc2 Nxc2 31. Qxc2 Qd7 32. Rc1 Reb8 1/2-1/2

[Event "SR 3. liga A2 2006/2007"]
[Site "?"]
[Date "2006.12.03"]
[Round "5"]
[White "Sebesta, Radovan"]
[Black "Horak, Ivan"]
[Result "1/2-1/2"]
[WhiteElo "2057"]
[BlackElo "2127"]
[Annotator "Holíc - Senica B  /2/"]
[PlyCount "101"]
[EventDate "2006.??.??"]

1. d4 d5 2. c4 c6 3. cxd5 cxd5 4. Nc3 Nf6 5. Nf3 e6 6. Bf4 Bd6 7. Bxd6 Qxd6 8.
e3 O-O 9. Bd3 a6 10. O-O b5 11. Ne5 Bb7 12. Rc1 Nbd7 13. f4 Rac8 14. Qf3 b4 15.
Nxd7 Qxd7 16. Ne2 Ne4 17. Qh3 g6 18. Bxe4 dxe4 19. Qg4 Qd5 20. b3 $11 a5 21.
Qg5 a4 22. Ng3 axb3 23. f5 f6 24. Qg4 exf5 25. Nxf5 Qxf5 26. Rxf5 Rxc1+ 27. Rf1
Rxf1+ 28. Kxf1 Ba6+ 29. Kf2 f5 30. Qd1 bxa2 31. Qb3+ Kh8 32. Qxa2 Bd3 33. Qb2
Rb8 34. d5+ Kg8 35. Qe5 Rf8 36. Qe6+ Rf7 37. d6 Bb5 38. Qb3 Bd7 39. Qxb4 h6 40.
Kg3 Kg7 41. Kf4 Kg8 42. h4 Kg7 43. Qb8 Ba4 44. g3 Bd7 45. Qd8 Be6 46. Qa5 Bd7
47. Qc3+ Kg8 48. Ke5 Kg7 49. Qc4 Kf8 50. Qc7 Kg7 51. Qd8 1/2-1/2

[Event "SR 3. liga A2 2006/2007"]
[Site "?"]
[Date "2006.12.03"]
[Round "5"]
[White "Kovarik, Oto"]
[Black "Skapikova, Lubica"]
[Result "1/2-1/2"]
[WhiteElo "2050"]
[BlackElo "2013"]
[Annotator "Holíc - Senica B  /3/"]
[PlyCount "100"]
[EventDate "2006.??.??"]

1. e4 e5 2. Nf3 Nc6 3. Bb5 a6 4. Bxc6 dxc6 5. O-O Bg4 6. h3 Bh5 7. g4 Bg6 8.
Nxe5 Bd6 9. Nf3 f6 10. d4 Qd7 11. e5 Be7 12. Re1 O-O-O 13. e6 Qd6 14. c3 h5 15.
g5 h4 16. Na3 Bh5 17. Qd3 Bxf3 18. Qxf3 fxg5 19. Nc4 Qd5 20. Qxd5 cxd5 21. Ne5
Re8 22. Nf7 Rh5 23. Re5 Bf6 24. Rxd5 Rxe6 25. f4 c6 26. Ra5 Re1+ 27. Kf2 Rh1
28. Kg2 Re1 29. fxg5 b6 30. Rf5 Kd7 31. Rf1 Rxf1 32. Kxf1 Be7 33. Ne5+ Kc7 34.
Nf3 Bd6 35. Bd2 Ne7 36. Re1 Nf5 37. Kg2 Rh8 38. Re4 Rh5 39. Be1 Be7 40. Nxh4
Rxg5+ 41. Kf1 Kd7 42. Nxf5 Rxf5+ 43. Kg2 Bf6 44. Bg3 Ra5 45. a3 Rb5 46. Re2 Rd5
47. Kf3 Rf5+ 48. Ke4 Rf1 49. Be5 Ke6 50. Bh2 Rd1 1/2-1/2

[Event "SR 3. liga A2 2006/2007"]
[Site "?"]
[Date "2006.12.03"]
[Round "5"]
[White "Zisek, Jaroslav"]
[Black "Sefcik, Marek"]
[Result "1-0"]
[WhiteElo "1946"]
[BlackElo "1974"]
[Annotator "Holíc - Senica B  /4/"]
[PlyCount "55"]
[EventDate "2006.??.??"]

1. c4 Nc6 2. Nc3 e5 3. g3 f5 4. Bg2 Nf6 5. e3 d6 6. Nge2 Be7 7. O-O O-O 8. d3
Qe8 9. Bd2 g5 10. f4 h6 11. Nd5 Bd8 12. Nec3 Ne7 13. Nxf6+ Rxf6 14. e4 exf4 15.
gxf4 g4 16. exf5 Nxf5 17. Ne4 Rg6 18. Qe1 Qf8 19. Bc3 c6 20. Ng3 Bb6+ 21. Kh1
Bd7 22. Be4 Re8 23. Qd2 Qf7 24. Rae1 Nxg3+ 25. hxg3 Bf5 26. Bxf5 Qxf5 27. Rxe8+
Kf7 28. Rfe1 1-0

[Event "SR 3. liga A2 2006/2007"]
[Site "?"]
[Date "2006.12.03"]
[Round "5"]
[White "Bilovsky, Milan"]
[Black "Palka, Martin"]
[Result "0-1"]
[WhiteElo "1880"]
[BlackElo "1901"]
[Annotator "Holíc - Senica B  /5/"]
[PlyCount "66"]
[EventDate "2006.??.??"]

1. c4 c5 2. Nc3 Nc6 3. g3 g6 4. Bg2 Bg7 5. Nf3 e5 6. O-O Nge7 7. d3 O-O 8. a3
d6 9. Rb1 h6 10. b4 f5 11. e4 f4 12. b5 Nd4 13. Nxd4 cxd4 14. Nd5 Nxd5 15. cxd5
Qf6 16. f3 h5 17. g4 hxg4 18. fxg4 Qh4 19. h3 Bf6 20. Bd2 Rf7 21. b6 axb6 22.
Rxb6 Be7 23. Bb4 Ra6 24. Rxa6 bxa6 25. Qf3 Bf8 26. Rc1 Bd7 27. Rc7 Bxg4 28.
hxg4 Rxc7 29. Qd1 Rh7 30. Be1 Qh2+ 31. Kf1 f3 32. Bxf3 Rf7 33. Qe2 Qh1+ 0-1

[Event "SR 3. liga A2 2006/2007"]
[Site "?"]
[Date "2006.12.03"]
[Round "5"]
[White "Fidericky, Milan"]
[Black "Holly, Milan"]
[Result "1/2-1/2"]
[WhiteElo "1888"]
[BlackElo "1776"]
[Annotator "Holíc - Senica B  /6/"]
[PlyCount "83"]
[EventDate "2006.??.??"]

1. e4 c5 2. e5 e6 3. f4 b6 4. Nf3 Nc6 5. c3 d5 6. d4 cxd4 7. cxd4 Bb4+ 8. Bd2
Bd7 9. a3 Bxd2+ 10. Nbxd2 Nge7 11. Bd3 g6 12. Qe2 Rc8 13. O-O O-O 14. Rac1 Nb8
15. g4 f5 16. exf6 Rxf6 17. Rxc8 Bxc8 18. Ne5 Nbc6 19. Qe3 Nxe5 20. fxe5 Rxf1+
21. Nxf1 Nc6 22. Kg2 Kg7 23. Kg3 Qe7 24. Nd2 Bd7 25. h4 h6 26. Bc2 Na5 27. Qd3
Qf7 28. b3 Be8 29. Nf3 Nc6 30. h5 Ne7 31. Nh4 Kh7 32. Qa6 Kg7 33. Nxg6 b5 34.
Nxe7 Qxe7 35. Qc8 Bf7 36. Qc3 Qg5 37. Qd3 Bxh5 38. Qh7+ Kf8 39. Qh8+ Kf7 40.
Qh7+ Ke8 41. Qh8+ Kd7 42. Qh7+ 1/2-1/2

[Event "SR 3. liga A2 2006/2007"]
[Site "?"]
[Date "2006.12.03"]
[Round "5"]
[White "Harasta, Juraj"]
[Black "Havlicek, Peter"]
[Result "1-0"]
[WhiteElo "1723"]
[BlackElo "1715"]
[Annotator "Holíc - Senica B  /7/"]
[PlyCount "91"]
[EventDate "2006.??.??"]

1. e4 e5 2. f4 d6 3. Nf3 Bg4 4. Bc4 Bxf3 5. Qxf3 Nf6 6. Nc3 Be7 7. O-O O-O 8.
d3 Nc6 9. Ne2 Na5 10. Bb3 Nxb3 11. axb3 Qd7 12. Ng3 Qg4 13. Nf5 Bd8 14. fxe5
Qxf3 15. Rxf3 dxe5 16. Bd2 Nd7 17. Rg3 g6 18. Rf1 f6 19. Nh6+ Kh8 20. c3 c5 21.
Be3 b6 22. Rgf3 Be7 23. d4 cxd4 24. cxd4 exd4 25. Bxd4 Ne5 26. Bxe5 fxe5 27.
Nf7+ Kg7 28. Nxe5 Bf6 29. Nc6 Bxb2 30. Rxf8 Rxf8 31. Rxf8 Kxf8 32. Nxa7 Ke7 33.
Kf2 Ke6 34. Ke3 Ke5 35. Nc6+ Kd6 36. Nb4 g5 37. Kf3 h5 38. h4 Bc1 39. Nd3 Bd2
40. Ke2 Bf4 41. Nxf4 gxf4 42. b4 b5 43. Kd2 Ke6 44. Kc3 Kf6 45. Kd4 Ke6 46. e5
1-0

[Event "SR 3. liga A2 2006/2007"]
[Site "?"]
[Date "2006.12.03"]
[Round "5"]
[White "Beran, Jan"]
[Black "Brisudova, Veronika"]
[Result "0-1"]
[WhiteElo "1686"]
[BlackElo "1664"]
[Annotator "Holíc - Senica B  /8/"]
[PlyCount "110"]
[EventDate "2006.??.??"]

1. d4 d5 2. c4 e5 3. e3 Nc6 4. dxe5 d4 5. a3 Be6 6. Nf3 dxe3 7. Qxd8+ Rxd8 8.
Bxe3 Nge7 9. Nbd2 Ng6 10. Be2 Be7 11. O-O O-O 12. Nb3 Ngxe5 13. Nxe5 Nxe5 14.
Nd2 b6 15. b3 Ng4 16. Bxg4 Bxg4 17. f3 Bf5 18. Ne4 Rd3 19. Bf4 Bxe4 20. fxe4
Rxb3 21. Rf3 Bc5+ 22. Kf1 Rxf3+ 23. gxf3 Bd4 24. Rd1 c5 25. Ke2 Re8 26. Kd3 Re6
27. Be3 Bf6 28. Ke2 h6 29. Rd7 Re7 30. Rd8+ Kh7 31. Rd5 Bb2 32. a4 g5 33. h3
Kg6 34. Kd3 Kh5 35. f4 f6 36. fxg5 hxg5 37. Bf2 Kg6 38. Bg3 Rh7 39. Bb8 Rxh3+
40. Ke2 Rc3 41. e5 Rxc4 42. exf6 Kxf6 43. Bxa7 Rxa4 44. Bxb6 Re4+ 45. Kf3 Rf4+
46. Kg3 Be5 47. Rxc5 Rb4+ 48. Kf3 Rxb6 49. Kg4 Rb4+ 50. Kf3 Kf5 51. Rc8 Rb3+
52. Kg2 g4 53. Rf8+ Ke4 54. Rg8 Rb2+ 55. Kg1 Kf3 0-1

[Event "SR 3. liga A2 2006/2007"]
[Site "?"]
[Date "2006.12.03"]
[Round "5"]
[White "Hecko, Dusan"]
[Black "Pribila, Michal"]
[Result "1/2-1/2"]
[WhiteElo "2142"]
[BlackElo "2095"]
[Annotator "Osuské B - Gbely  /1/"]
[PlyCount "88"]
[EventDate "2006.??.??"]

1. c4 e6 2. g3 d5 3. Bg2 Nf6 4. Nf3 c6 5. cxd5 exd5 6. d4 Bd6 7. O-O O-O 8. Nc3
Re8 9. a3 Nbd7 10. Nd2 Nf8 11. b4 Bf5 12. Re1 a6 13. Bb2 Ne6 14. e3 Ng5 15. Qe2
Re6 16. Qf1 h5 17. f3 Qe7 18. h4 Ngh7 19. Qf2 Re8 20. e4 dxe4 21. fxe4 Bg6 22.
e5 Ng4 23. Qf1 f6 24. Nf3 fxe5 25. d5 cxd5 26. Nxd5 Qd8 27. Rad1 Qb8 28. Bh3 b5
29. Re2 Rf8 30. Qg2 Ree8 31. Bxg4 hxg4 32. Nd2 Qa7+ 33. Kh1 Bd3 34. Re3 Bf5 35.
Rde1 Qb8 36. Ne4 Nf6 37. Nxd6 Qxd6 38. Rxe5 Rxe5 39. Rxe5 Nxd5 40. Rxd5 Qg6 41.
Re5 Be6 42. Kh2 Rf5 43. Qd2 Rxe5 44. Bxe5 Qe4 1/2-1/2

[Event "SR 3. liga A2 2006/2007"]
[Site "?"]
[Date "2006.12.03"]
[Round "5"]
[White "Pribila, Gerhard"]
[Black "Pagerka, Martin"]
[Result "1/2-1/2"]
[WhiteElo "2022"]
[BlackElo "1966"]
[Annotator "Osuské B - Gbely  /2/"]
[PlyCount "62"]
[EventDate "2006.??.??"]

1. e4 c5 2. Nf3 d6 3. d4 cxd4 4. Nxd4 Nf6 5. Nc3 g6 6. Be3 Bg7 7. f3 O-O 8. Qd2
Nc6 9. Bc4 Bd7 10. O-O-O Ne5 11. Bb3 Qa5 12. Kb1 Rfc8 13. Nd5 Qxd2 14. Rxd2
Nxd5 15. Bxd5 Nc4 16. Bxc4 Rxc4 17. Ne2 Rac8 18. c3 a5 19. Nf4 Be6 20. Nd5 Bxd5
21. Rxd5 a4 22. Bd4 Bxd4 23. Rxd4 a3 24. Rxc4 Rxc4 25. Rd1 Kf8 26. Rd5 axb2 27.
Kxb2 Ke8 28. Rb5 Rc7 29. Kb3 Kd7 30. c4 Kc6 $11 31. Kb4 b6 1/2-1/2

[Event "SR 3. liga A2 2006/2007"]
[Site "?"]
[Date "2006.12.03"]
[Round "5"]
[White "Diviak, Rastislav"]
[Black "Vach, Jozef"]
[Result "1/2-1/2"]
[WhiteElo "1958"]
[BlackElo "1992"]
[Annotator "Osuské B - Gbely  /3/"]
[PlyCount "71"]
[EventDate "2006.??.??"]

1. e4 e5 2. Nf3 Nc6 3. Bb5 a6 4. Ba4 Nf6 5. O-O b5 6. Bb3 Be7 7. Re1 d6 8. c3
Na5 9. Bc2 c5 10. d4 Qc7 11. Nbd2 O-O 12. h3 Re8 13. Nf1 Nc4 14. b3 Nb6 15. Ng3
Bb7 16. Be3 Rac8 17. d5 Nbd7 18. Nf5 Bf8 19. Nh2 g6 20. Nh6+ Kg7 21. Qf3 Be7
22. g4 Rf8 23. Nf1 Ng8 24. Nxg8 Rxg8 25. Ng3 Qd8 26. Qe2 Bg5 27. Bxg5 Qxg5 28.
Qe3 Qxe3 29. Rxe3 f6 30. a4 Ra8 31. Ree1 Rgc8 32. Ra2 b4 33. c4 a5 34. Kg2 Rh8
35. Raa1 Rae8 36. Kf3 $11 1/2-1/2

[Event "SR 3. liga A2 2006/2007"]
[Site "?"]
[Date "2006.12.03"]
[Round "5"]
[White "Jozefovic, Milan"]
[Black "Pericka, Tomas"]
[Result "0-1"]
[WhiteElo "1956"]
[BlackElo "1913"]
[Annotator "Osuské B - Gbely  /4/"]
[PlyCount "100"]
[EventDate "2006.??.??"]

1. e4 c5 2. Nf3 Nc6 3. d4 cxd4 4. Nxd4 g6 5. Bc4 Bg7 6. c3 Nf6 7. Nxc6 bxc6 8.
Qe2 O-O 9. O-O d5 10. exd5 cxd5 11. Bb3 Re8 12. Be3 e5 13. Bg5 Bb7 14. Na3 Qc7
15. Rac1 a5 16. Bxf6 Bxf6 17. Qf3 Bg5 18. Rcd1 d4 19. Qg4 Bf6 20. Nb5 Qb6 21.
a4 Rad8 22. h4 d3 23. h5 Bg7 24. hxg6 hxg6 25. Rfe1 e4 26. Re3 Kf8 27. Qf4 Rd7
28. Ba2 Qf6 29. Qg4 Rde7 30. Bc4 Bc8 31. Qg3 Bh6 32. Nd6 Bf4 33. Nxe8 Kxe8 34.
Rexd3 exd3 35. Qxd3 Bc7 36. g3 Bb6 37. Qd2 Bb7 38. Bb5+ Kf8 39. Qh6+ Kg8 40.
Rd2 Qf3 41. Bf1 Re1 42. Qh3 Ba6 43. c4 Kg7 44. Qg2 Qf5 45. Qc6 Be3 46. fxe3
Qxf1+ 47. Kh2 Bxc4 48. Qe4 Qg1+ 49. Kh3 Be6+ 50. g4 Rxe3+ 0-1

[Event "SR 3. liga A2 2006/2007"]
[Site "?"]
[Date "2006.12.03"]
[Round "5"]
[White "Hanzluvka, Peter"]
[Black "Kocak, Branislav"]
[Result "1-0"]
[WhiteElo "2042"]
[BlackElo "1774"]
[Annotator "Osuské B - Gbely  /5/"]
[PlyCount "59"]
[EventDate "2006.??.??"]

1. e4 c5 2. Nf3 d6 3. d4 cxd4 4. Nxd4 g6 5. Bc4 Bg7 6. Be3 Nf6 7. Nc3 Bd7 8. f3
Nc6 9. Qd2 O-O 10. O-O Ne5 11. Bb3 Rc8 12. Kh1 a6 13. Bh6 Nc4 14. Bxc4 Rxc4 15.
Bxg7 Kxg7 16. Rad1 e5 17. Nde2 Ne8 18. f4 exf4 19. Nxf4 Bg4 20. Rde1 Qc8 21. a3
Be6 22. Rf2 b5 23. Ref1 h5 24. Ncd5 Bxd5 25. exd5 Nc7 26. Nxh5+ Kh7 27. Rxf7+
Rxf7 28. Rxf7+ Kg8 29. Rg7+ Kf8 30. Qh6 1-0

[Event "SR 3. liga A2 2006/2007"]
[Site "?"]
[Date "2006.12.03"]
[Round "5"]
[White "Zajicek, Ferdinand"]
[Black "Blazkova, Barbora"]
[Result "1/2-1/2"]
[WhiteElo "1753"]
[BlackElo "1960"]
[Annotator "Osuské B - Gbely  /6/"]
[PlyCount "79"]
[EventDate "2006.??.??"]

1. e4 c5 2. Nf3 d6 3. Nc3 Nf6 4. h3 a6 5. Be2 Nc6 6. a3 b5 7. d3 g6 8. O-O Bg7
9. Bd2 O-O 10. Qc1 Bb7 11. Bh6 b4 12. axb4 cxb4 13. Bxg7 Kxg7 14. Nd1 Qc7 15.
Ne3 e5 16. Qd2 a5 17. Nh2 Nd4 18. Bd1 d5 19. exd5 Nxd5 20. Nxd5 Bxd5 21. Ng4
Nf5 22. Re1 Rfe8 23. c4 Bc6 24. b3 Qd6 25. Qb2 Qd4 26. Qxd4 exd4 27. Rxe8 Rxe8
28. Kf1 h5 29. Nh2 Nh4 30. Bf3 Bxf3 31. Nxf3 Nxf3 32. gxf3 Re5 33. f4 Rc5 34.
Ke2 Kf6 35. Kf3 Kf5 36. h4 Ke6 37. Ke4 Rf5 38. Rg1 Kd6 39. Ra1 Kc6 40. Ra2
1/2-1/2

[Event "SR 3. liga A2 2006/2007"]
[Site "?"]
[Date "2006.12.03"]
[Round "5"]
[White "Skapik, Branislav"]
[Black "Papanek, Lubomir"]
[Result "0-1"]
[WhiteElo "1800"]
[BlackElo "1684"]
[Annotator "Osuské B - Gbely  /7/"]
[PlyCount "118"]
[EventDate "2006.??.??"]

1. e4 c5 2. Nc3 Nc6 3. g3 g6 4. Bg2 Bg7 5. d3 d6 6. f4 Nf6 7. Nf3 Be6 8. O-O
O-O 9. Be3 Qb6 10. Rb1 Ng4 11. Bd2 c4+ 12. Kh1 Nf2+ 13. Rxf2 Qxf2 14. Be1 Qb6
15. Nd5 Bxd5 16. exd5 Nb4 17. dxc4 Rfc8 18. Qe2 Nxa2 19. Bf2 Nc3 20. Bxb6 Nxe2
21. Be3 Rxc4 22. Bf1 Rxc2 23. Re1 Nxg3+ 24. hxg3 a5 25. Bd2 Kf8 26. b3 a4 27.
bxa4 Rxa4 28. Rb1 Bb2 29. Bd3 Rxd2 30. Nxd2 Ra1 31. Rxa1 Bxa1 32. Ne4 h6 33.
Kg2 f5 34. Nd2 Kf7 35. Kf3 h5 36. Bb5 e6 37. Bc4 e5 38. Nb3 Bc3 39. Nc1 Kf6 40.
Ne2 Bd2 41. fxe5+ Kxe5 42. Nf4 Bxf4 43. gxf4+ Kf6 44. Be2 g5 45. fxg5+ Kxg5 46.
Bf1 f4 47. Ke4 h4 48. Kf3 b6 49. Kg2 Kf5 50. Kf3 Ke5 51. Kg4 Kxd5 52. Kxf4 Kc5
53. Kg4 b5 54. Kxh4 b4 55. Bd3 Kd4 56. Bb1 b3 57. Kg4 Ke3 58. Kf5 d5 59. Ke5 d4
0-1

[Event "SR 3. liga A2 2006/2007"]
[Site "?"]
[Date "2006.12.03"]
[Round "5"]
[White "Brunovsky, Peter"]
[Black "Pericka, Pavol"]
[Result "1-0"]
[WhiteElo "1649"]
[BlackElo "1716"]
[Annotator "Osuské B - Gbely  /8/"]
[PlyCount "65"]
[EventDate "2006.??.??"]

1. d4 d5 2. Nf3 Nf6 3. Bf4 Bg4 4. e3 e6 5. Nbd2 Be7 6. h3 Bh5 7. c4 O-O 8. Qb3
Qc8 9. Rc1 Nbd7 10. Bd3 b6 11. O-O Qb7 12. c5 c6 13. a3 Ne8 14. cxb6 axb6 15.
Qc2 c5 16. Bxh7+ Kh8 17. g4 f5 18. Bxf5 exf5 19. gxh5 Nd6 20. Ne5 Nxe5 21. Bxe5
Qd7 22. h6 Ne8 23. f4 Qe6 24. hxg7+ Nxg7 25. Kh2 Rac8 26. Qd1 Bf6 27. Nf3 Rf7
28. Rg1 Rg8 29. Ng5 Bxg5 30. Rxg5 Kh7 31. Qe1 Rh8 32. Qg3 Qh6 33. Rg6 1-0

[Event "SR 3. liga A2 2006/2007"]
[Site "?"]
[Date "2006.12.03"]
[Round "5"]
[White "Vass, Frantisek"]
[Black "Janko, Ladislav"]
[Result "1/2-1/2"]
[WhiteElo "2352"]
[BlackElo "2180"]
[Annotator "Galanta - Gabcíkovo  /1/"]
[PlyCount "169"]
[EventDate "2006.??.??"]

1. d4 g6 2. Nf3 Bg7 3. c4 d6 4. e4 Bg4 5. Be2 Bxf3 6. Bxf3 Nc6 7. Be3 e5 8. d5
Nce7 9. g4 f5 10. gxf5 gxf5 11. Bh5+ Kf8 12. Qf3 Nf6 13. Nc3 f4 14. Bd2 Nxh5
15. Qxh5 Ng6 16. O-O-O Qh4 17. Qf3 Kf7 18. Rdg1 a6 19. Rg4 Qe7 20. Rhg1 Bf6 21.
Qh3 Nh4 22. Rf1 Rad8 23. f3 h5 24. Rgg1 Qd7 25. Qxd7+ Rxd7 26. Be1 Ng6 27. Rg2
Rdd8 28. b4 Bh4 29. Kd1 Rhg8 30. Rxg6 Rxg6 31. Bxh4 Rdg8 32. Ne2 Rg2 33. Rh1 c6
34. dxc6 bxc6 35. Ke1 Rb8 36. Kf1 Rgg8 37. Be1 c5 38. a3 cxb4 39. Bxb4 a5 40.
Bxa5 Rb1+ 41. Be1 Ra1 42. Kf2 Rb8 43. Rf1 Rbb1 44. Nc3 Rb2+ 45. Kg1 Rxa3 46.
Nb5 Raa2 47. Rf2 Ke7 48. Nc3 Rxf2 49. Bxf2 Rc2 50. Nd5+ Kf7 51. Nb6 Ke7 52. h4
Rc1+ 53. Kg2 Ke6 54. Kh2 Rc2 55. Kg1 Rc1+ 56. Kg2 Ke7 57. Nd5+ Kf7 58. Bb6 Rxc4
59. Ba5 Ke6 60. Kf1 Ra4 61. Bd2 Ra1+ 62. Ke2 Rh1 63. Be1 Rh2+ 64. Bf2 Rh3 65.
Nc3 Rh1 66. Nd5 Rh3 67. Nb4 Rh1 68. Nd3 d5 69. Nc5+ Kd6 70. exd5 Kxd5 71. Ne4
Ke6 72. Kd3 Ra1 73. Kc4 Rc1+ 74. Kb5 Rb1+ 75. Kc6 Rc1+ 76. Nc5+ Kf5 77. Kd6 Rc3
78. Kd5 Rxf3 79. Be1 Ra3 80. Kc4 e4 81. Kd4 f3 82. Bf2 Ra2 83. Nxe4 Kg4 84. Be1
Re2 85. Bf2 1/2-1/2

[Event "SR 3. liga A2 2006/2007"]
[Site "?"]
[Date "2006.12.03"]
[Round "5"]
[White "Sulek, Viliam"]
[Black "Petenyi, Tamas"]
[Result "1/2-1/2"]
[WhiteElo "2202"]
[BlackElo "2125"]
[Annotator "Galanta - Gabcíkovo  /2/"]
[PlyCount "79"]
[EventDate "2006.??.??"]

1. e4 c5 2. Nf3 d6 3. d4 cxd4 4. Nxd4 Nf6 5. Nc3 g6 6. g3 Bg7 7. Bg2 O-O 8. O-O
Nc6 9. Nb3 Bd7 10. h3 Rc8 11. f4 Qb6+ 12. Kh2 Be6 13. Nd5 Bxd5 14. exd5 Na5 15.
Re1 Nc4 16. c3 Rfe8 17. Qf3 Qa6 18. Bf1 Qb5 19. Rd1 Qd7 20. Nd4 a6 21. b3 Nb6
22. c4 Qc7 23. Be3 Nbd7 24. Rac1 Qb8 25. b4 e5 26. dxe6 fxe6 27. Bg2 d5 28. c5
Kh8 29. Nb3 Ne4 30. Bd4 e5 31. Bb2 Nef6 32. fxe5 Nxe5 33. Bxe5 Qxe5 34. Na5 Ne4
35. Qe3 Rf8 36. Rf1 Qb2 37. Rb1 Qxa2 38. Kh1 Nc3 39. Rxf8+ Rxf8 40. Rf1 1/2-1/2

[Event "SR 3. liga A2 2006/2007"]
[Site "?"]
[Date "2006.12.03"]
[Round "5"]
[White "Nagy, Tomas"]
[Black "Janko, Michal"]
[Result "1/2-1/2"]
[WhiteElo "2125"]
[BlackElo "2083"]
[Annotator "Galanta - Gabcíkovo  /3/"]
[PlyCount "99"]
[EventDate "2006.??.??"]

1. d4 g6 2. e4 Bg7 3. Nf3 d6 4. c3 e6 5. Bg5 Ne7 6. Be2 Nd7 7. O-O O-O 8. Qc1
b6 9. Bh6 Bb7 10. Bxg7 Kxg7 11. Nbd2 c5 12. b4 Qc7 13. Qb2 Rac8 14. Rac1 Qb8
15. a4 Nf6 16. Bd3 cxd4 17. cxd4 Rxc1 18. Rxc1 Rc8 19. Ng5 h6 20. Nh3 Rxc1+ 21.
Qxc1 Qc8 22. Qb2 Qd7 23. b5 Qc8 24. Nf4 Qa8 25. f3 Qc8 26. Ne2 Qc7 27. Kf2 Kg8
28. Qc3 Qxc3 29. Nxc3 Ne8 30. Na2 Kg7 31. Nb4 Bc8 32. Nc4 Bd7 33. Na6 f6 34.
Ne3 Bc8 35. Nb4 Bd7 36. Bc4 Nc7 37. d5 exd5 38. Bxd5 f5 39. Nc4 Ncxd5 40. exd5
f4 41. Nxd6 Kf6 42. Ne4+ Ke5 43. Nc6+ Bxc6 44. dxc6 Kd5 45. Ke2 Kd4 46. Nd6 Kc5
47. Nf7 Kb4 48. Kd3 Nd5 49. Nd6 Kxa4 50. Nc8 1/2-1/2

[Event "SR 3. liga A2 2006/2007"]
[Site "?"]
[Date "2006.12.03"]
[Round "5"]
[White "Puobis, Jozef"]
[Black "Nagy, Attila"]
[Result "0-1"]
[WhiteElo "2043"]
[BlackElo "2120"]
[Annotator "Galanta - Gabcíkovo  /4/"]
[PlyCount "76"]
[EventDate "2006.??.??"]

1. e4 c5 2. d4 cxd4 3. Qxd4 Nc6 4. Qd3 Nf6 5. Nc3 e6 6. Bg5 Qa5 7. Bxf6 gxf6 8.
Qb5 Qc7 9. Bd3 a6 10. Qa4 Rb8 11. a3 b5 12. Qb3 b4 13. axb4 Nxb4 14. Nd1 Rg8
15. g3 Bb7 16. Qc3 Qxc3+ 17. bxc3 Nxd3+ 18. cxd3 f5 19. f3 fxe4 20. fxe4 d5 21.
e5 d4 22. Rb1 dxc3 23. Nxc3 a5 24. Nge2 Bb4 25. O-O Ke7 26. Kf2 Ba6 27. Ke3
Rgd8 28. d4 Bxc3 29. Nxc3 Bxf1 30. Rxf1 Rb3 31. Rc1 a4 32. Kd3 a3 33. Kc4 Rb2
34. Na4 Rc8+ 35. Nc5 a2 36. Ra1 Ra8 37. Kc3 Rb1 38. Nb3 Ra3 0-1

[Event "SR 3. liga A2 2006/2007"]
[Site "?"]
[Date "2006.12.03"]
[Round "5"]
[White "Csiba, Dominik"]
[Black "Kantor, Reka"]
[Result "0-1"]
[WhiteElo "2070"]
[BlackElo "1786"]
[Annotator "Galanta - Gabcíkovo  /5/"]
[PlyCount "78"]
[EventDate "2006.??.??"]

1. d4 Nf6 2. c4 g6 3. Nc3 Bg7 4. e4 d6 5. Be3 Nbd7 6. f3 O-O 7. Nge2 c5 8. Qd2
a6 9. Ng3 cxd4 10. Bxd4 Qc7 11. Be2 Nb6 12. Nd5 Nbxd5 13. cxd5 Bd7 14. Rc1 Qb8
15. O-O Rc8 16. Bb6 Rxc1 17. Rxc1 Qe8 18. Rc7 Bc8 19. Bd1 Qb5 20. Bd4 Qe8 21.
Qc3 Qd8 22. Ne2 b5 23. Qc2 Nd7 24. b4 Bxd4+ 25. Nxd4 Ne5 26. Be2 Nc4 27. Rc6
Bd7 28. Bxc4 Bxc6 29. Nxc6 Qb6+ 30. Kh1 bxc4 31. Nxe7+ Kf8 32. Nc6 Qe3 33. h3
c3 34. b5 axb5 35. Qb3 Qd2 36. Qb4 Qc1+ 37. Kh2 Qf4+ 38. g3 Qd2+ 39. Kg1 Qc1+
0-1

[Event "SR 3. liga A2 2006/2007"]
[Site "?"]
[Date "2006.12.03"]
[Round "5"]
[White "Bott, Tamas"]
[Black "Merva, Frantisek"]
[Result "0-1"]
[WhiteElo "1902"]
[BlackElo "2059"]
[Annotator "Galanta - Gabcíkovo  /6/"]
[PlyCount "50"]
[EventDate "2006.??.??"]

1. e4 c5 2. d4 cxd4 3. Qxd4 Nc6 4. Qd3 g6 5. Nc3 Bg7 6. Nge2 Nf6 7. Bf4 O-O 8.
O-O-O Ng4 9. Qg3 d6 10. h4 Qb6 11. Qf3 Qxf2 12. Rd2 Qb6 13. h5 Nce5 14. Bxe5
Nxe5 15. Qg3 Nc4 16. Nd5 Qxb2+ 17. Kd1 Qb1+ 18. Nc1 Bb2 19. Nxe7+ Kg7 20. Rd3
Qxc1+ 21. Ke2 Qxc2+ 22. Kf3 Ne5+ 23. Kf4 Bc1+ 24. Re3 h6 25. hxg6 fxg6+ 0-1

[Event "SR 3. liga A2 2006/2007"]
[Site "?"]
[Date "2006.12.03"]
[Round "5"]
[White "Kosar, Mikulas st"]
[Black "Lancz, Frantisek"]
[Result "0-1"]
[WhiteElo "1981"]
[BlackElo "1350"]
[Annotator "Galanta - Gabcíkovo  /8/"]
[PlyCount "48"]
[EventDate "2006.??.??"]

1. e4 e5 2. Nf3 Nc6 3. Bb5 d6 4. Nc3 Nf6 5. d3 a6 6. Bxc6+ bxc6 7. h3 h6 8. O-O
Be7 9. Rb1 O-O 10. Re1 c5 11. b3 Be6 12. a4 c6 13. Ne2 Nh7 14. c4 f5 15. Nc3 f4
16. Bd2 Qd7 17. Nh2 Ng5 18. h4 Nh7 19. g3 Rf7 20. Rf1 f3 21. Kh1 Bh3 22. Re1
Bg2+ 23. Kg1 Qh3 24. Qc1 Bh1 0-1